| 000 | 00662nam a2200229Ia 4500 | ||
|---|---|---|---|
| 008 | 200601s9999 xx 000 0 und d | ||
| 020 | _a978-1-5072-0454-2 | ||
| 050 | _aREF D 21 | ||
| 050 | _b.H43 2017 | ||
| 100 | _aHead, Tom. | ||
| 245 | 0 | _aWorld history 101 : | |
| 245 | 0 | _bfrom ancient Mesopotamia and the Viking conquests to NATO and Wikileaks, an essential primer on world history | |
| 245 | 0 | _cTom Head. | |
| 260 | _aNew York : | ||
| 260 | _bAdams media, | ||
| 260 | _c2017 | ||
| 300 | _a255 pages, [8] pages of plates : | ||
| 300 | _bcolor illustrations ; | ||
| 300 | _c19 cm. | ||
| 500 | _aIncludes index. | ||
| 650 | _aWorld history. | ||
| 999 |
_c363224 _d363224 |
||